Logo BPK

Biblioteka

Politechniki Koszalińskiej

"Identyfikacja potrzeb osób niepełnosprawnych w zakresie aktywizacji zawodowej" : (Rekord nr 55502)

Szczegóły MARC
000 -ETYKIETA REKORDU
podpole kontrolne o stałej długości 01001nam a2200229 i 4500
001 - NUMER KONTROLNY REKORDU
pole kontrolne bg
020 ## - MIĘDZYNARODOWY ZNORMALIZOWANY NUMER KSIĄŻKI - ISBN
ISBN 9788392362760
040 ## - ŹRÓDŁO KATALOGOWANIA
Instytucja, która utworzyła rekord BPK
041 ## - KOD JĘZYKA
Kod języka tekstu pol
044 ## - KOD KRAJU WYDAWCY/PRODUCENTA
Kod kraju wydawcy/producenta POL
080 ## - UNIWERSALNA KLASYFIKACJA DZIESIĘTNA - UKD
UKD 331.5-056.26(438)"2001/..."
920 ## - Międzynarodowy znormalizowany numer książki – ISBN
ISBN 978-83-923627-6-0
008 - POLE O STAŁEJ DŁUGOŚCI - DANE KONTROLNE
podpole kontrolne o stałej długości s pl f |000 0 pol
245 10 - TYTUŁ/ODPOWIEDZIALNOŚĆ
Tytuł "Identyfikacja potrzeb osób niepełnosprawnych w zakresie aktywizacji zawodowej" :
Ciąg dalszy tytułu raport z badań kwestionariuszowych przeprowadzonych w ramach realizacji Partnerskiego Projektu "Kluczowa rola gminy w aktywizacji zawodowej osób niepełnosprawnych" /
Pozostałe elementy strefy tytułu i oznaczenia odpowiedzialności aut. oprac. Piotr Radecki.
260 ## - STREFA ADRESU WYDAWNICZEGO
Miejsce wydania Warszawa :
Nazwa wydawcy/dystrybutora Krajowa Izba Gospodarczo-Rehabilitacyjna. Dział Informacji Gospodarczej i Wydawnictw,
Data publikacji, dystrybucji/powstania dokumentu 2007.
300 ## - STREFA OPISU FIZYCZNEGO
Objętość 176, [1] s. :
Inne cechy fizyczne wykr. ;
Rozmiary 24 cm.
650 #9 - HASŁO PRZEDMIOTOWE W FORMIE NAZWY OGÓLNEJ LUB JEDNOSTKOWEJ
Nazwa ogólna lub geograficzna Niepełnosprawni
Określnik ogólny adaptacja zawodowa
650 #9 - HASŁO PRZEDMIOTOWE W FORMIE NAZWY OGÓLNEJ LUB JEDNOSTKOWEJ
Nazwa ogólna lub geograficzna Niepełnosprawni
Określnik ogólny praca
-- socjologia
Określnik geograficzny Polska
Określnik chronologiczny od 2001 r.
650 #9 - HASŁO PRZEDMIOTOWE W FORMIE NAZWY OGÓLNEJ LUB JEDNOSTKOWEJ
Nazwa ogólna lub geograficzna Rehabilitacja zawodowa
Określnik geograficzny Polska
Określnik chronologiczny od 2001 r.
700 1# - HASŁO DODATKOWE - NAZWA OSOBOWA
Nazwa osobowa Radecki, Piotr.
Określenie związku między hasłem a opisywanym materiałem Oprac.
856 ## - LOKALIZACJA I DOSTĘP DO ELEKTRONICZNYCH DOKUMENTÓW ZDALNYCH
Link (URL) http://koha.tu.koszalin.pl/cgi-bin/koha/opac-detail.pl?biblionumber=55502
Tekst linku Katalog online BPK
942 ## - DODATKOWE ELEMENTY (KOHA)
Typ dokumentu Książka
Egzemplarze
Wycofany Status egzemplarza Uszkodzony Dostępność Lokalizacja stała Lokalizacja bieżąca Miejsce przechowywania Sygnatura Kod kreskowy Dział Typ dokumentu
      Tylko na miejscu Biblioteka Politechniki Koszalińskiej Biblioteka Politechniki Koszalińskiej Czytelnia Wydziałowa ul. Kwiatkowskiego 6e 88747 02446332 331 Praca Książka
      Dostępny Biblioteka Politechniki Koszalińskiej Biblioteka Politechniki Koszalińskiej Wypożyczalnia BG 88748 02446325   Książka
© 2023 Biblioteka Politechniki Koszalińskiej :: KOHA